000 00988cam a2200301 a 4500
001 4487351
003 OSt
005 20150518154806.0
008 970103s2000 paua b 001 0 eng c
010 _a 97000983
020 _a0683076930
040 _aDNLM/DLC
_cDLC
_dDLC
050 0 0 _aRE871
_b.S447 2000
060 1 0 _aWW 290 S555t 1997
082 0 0 _aWW 290 S61T 2000
_221
100 1 _aShields, M. Bruce.
_94670
245 1 0 _aTextbook of glaucoma /
_cM. Bruce Shields.
250 _a4th ed.
260 _aPhiladelphia :
_bWilliams & Wilkins,
_cc2000.
300 _axix, 588 p. :
_bill. ;
_c29 cm.
504 _aIncludes bibliographical references and index.
650 0 _aGlaucoma.
_94671
650 1 2 _aGlaucoma.
_94672
906 _a7
_bcbc
_corignew
_d1
_eocip
_f19
_gy-gencatlg
942 _2z
_cSLOAN
999 _c1777
_d1777